00909nam a2200229 a 450000100100000000500170001000800410002702000150006804000250008308200160010810000240012424501230014826000810027130000210035249000430037350400320041670000280044870000220047683000500049895201140054899900170066200003673120200930075913.0120126s1980 it r 000 0 spa d a9253004843 aDO-SdBNPbspacBNPHU axxxxbA417v1 aAllan, W. H.96304210aVacunas contra la enfermedad de Newcastle :bsu producción y empleo /cpor W. H. Allan, J. E. Lancaster y B. Tóth. aRoma :bOrganización de las Naciones Unidas para la Alimentación,c1980. a178 p. ;c24 cm.1 aFAO: producción y sanidad animalv10 aBibliografía : p. 164-1741 aLancaster, J. E.9630431 aTóth, B.963044 0aFAO: producción y sanidad animaln10963045 001050718MOaGRbGRcCTd2012-01-26iLF1l0oxxxx A417vp36731-10r2020-06-25w2020-06-25y1ZNo se presta c36222d36222